ALL Lyrics: Scarecrow in the Garden by Chris Stapleton - Statistics

General Stats
  • This quiz has been taken 19 times
  • The average score is 170 of 218
Answer Stats
Answers % Correct
a
100%
And
100%
and
100%
garden
100%
I
100%
in
100%
like
100%
looks
100%
Lucifer
100%
scarecrow
100%
the
100%
The
100%
There's
100%
his
90%
my
90%
On
90%
Revelations
90%
right
90%
bare
80%
been
80%
Bible
80%
came
80%
dirt
80%
for
80%
fortune
80%
free
80%
from
80%
go
80%
got
80%
ground
80%
hand
80%
he
80%
He
80%
I've
80%
land
80%
late
80%
left
80%
man's
80%
me
80%
night
80%
Northern
80%
of
80%
one
80%
pistol
80%
readin'
80%
red
80%
Searchin'
80%
September
80%
So
80%
That
80%
that
80%
they
80%
three
80%
to
80%
Virginia
80%
was
80%
Well,
80%
were
80%
West
80%
Where
80%
youngest
80%
all
70%
as
70%
black
70%
brown
70%
eyed
70%
feet
70%
fields
70%
head
70%
Ireland
70%
it
70%
married
70%
off
70%
older
70%
once
70%
plow
70%
sisters
70%
son
70%
together
70%
took
70%
wife
70%
worked
70%
ain't
60%
built
60%
come
60%
dollars
60%
every
60%
Every
60%
fence
60%
green
60%
here
60%
house
60%
know
60%
mornin'
60%
post
60%
rain
60%
raised
60%
river
60%
single
60%
sittin'
60%
what
60%
at
50%
'Cause
50%
down
50%
flood
50%
lay
50%
prayed
50%
seem
50%
starin'
50%
Then
50%
timber
50%
With
50%
would
50%
around
40%
bet
40%
blood
40%
just
40%
rock
40%
they'll
40%
'bout
30%
how
30%
oak
30%
thinkin'
30%
turns
30%
rains
20%
Wonderin'
20%
No matching quizzes found
Score Distribution
Percent of People with Each Score
Percentile by Number Answered
Your Score History
You have not taken this quiz